| 000 | 01217nam a2200253Ia 4500 | ||
|---|---|---|---|
| 999 |
_c53382 _d53382 |
||
| 001 | 20425 | ||
| 003 | GE_BSU | ||
| 005 | 20201203223342.0 | ||
| 008 | 181216s1982||||ge |||||||||||||| ||geo|| | ||
| 040 | _cGE_BSU | ||
| 041 | _ageo | ||
| 080 | _a811.353.1-84(075.3=161.1) ლ-85 | ||
| 100 |
_aლორთქიფანიძე, პ. _97680 |
||
| 245 |
_aქართული ენა : _bსაქ. სსრ რუსული სკოლის VI კლასის სახელმძღვ. / _cპ. ლორთქიფანიძე, ბ. ბერიძე, ა. ნემსაძე ; რედ. : გ. ახალაია, ც. ნევეროვსკაია. |
||
| 264 |
_aთბილისი : _bგანათლება, _c1982. |
||
| 300 |
_a131 გვ. : _bილ. ; _c22 სმ. |
||
| 541 | _h20თ. | ||
| 653 | _aქართული ენა | ||
| 700 |
_aბერიძე, ბ. _eავტორი _99828 |
||
| 700 |
_aნემსაძე, ა. _eავტორი _99825 |
||
| 700 |
_aახალაია, გ. _eრედაქტორი _99826 |
||
| 700 |
_aნევეროვსკაია, ც. _eრედაქტორი _99827 |
||
| 942 |
_cBK _2udc |
||